Lana Del Rey - Paroles Young And Beautiful - Statistiques

Statistiques générales
  • Ce quiz a été pris 43 fois
  • Le résultat moyen est 266 sur 307
Statistiques - réponses
Hint Réponse % Correct
a
100%
and
100%
And
100%
beautiful?
100%
you
100%
You
100%
young
100%
I
97%
know
97%
love
97%
me
97%
no
97%
still
97%
that
97%
When
97%
when
97%
Outro | Refrain Will
97%
will,
97%
will
97%
I'm
94%
longer
94%
my
94%
not
94%
but
91%
like
88%
to
88%
all
85%
All
85%
Diamonds,
85%
diamonds
85%
for
85%
got
85%
he
85%
nothin'
85%
the
85%
The
85%
forever
82%
if
82%
get
79%
let
79%
party
79%
summer
79%
tell
79%
aching
76%
Bridge Dear
76%
Pré-refrain Hot
76%
July
76%
Lord,
76%
man
76%
mid
76%
nights,
76%
nothing
76%
shine
76%
soul?
76%
soul
76%
way
76%
body
73%
grace,
73%
Heaven
73%
it
73%
Couplet 1 | Couplet 2 I've
73%
makes
73%
now
73%
Please,
73%
wild
73%
world,
73%
can
70%
in
70%
seen
70%
were
70%
with
70%
your
70%
Your
70%
at
67%
Bel
67%
crazy
67%
days,
67%
face
67%
He's
67%
lights
67%
play
67%
rock
67%
roll
67%
wanna
67%
Air
64%
bring
64%
child
64%
Father,
64%
Had
64%
sun,
64%
you'd
64%
cake
61%
city
61%
comes,
61%
electric
61%
brilliant,
58%
done
55%
new
55%
him
52%
age
48%
pretty
48%
ways
48%
as
45%
show
42%
You'll
42%
stage
39%
angels
36%
up
27%
Channeling
24%
lit
21%
Aucun quiz correspondant
Distribution des résultats
% des personnes avec chaque résultat
Percentile par nombre de réponses
Votre historique - résultats
Vous n’avez pas pris ce quiz